Pays - Itinéraires de voyages - Statistiques

Statistiques générales
  • Ce quiz a été pris 1 041 fois
    1 031 depuis la dernière actualisation
  • Le résultat moyen est 19 sur 24
Statistiques - réponses
GPS Pays % Correct
Second pays Chine
98%
Quels pays traverseriez-vous pour aller de Corée du Sud au Qatar, par le chemin comprenant le moins de pays possible, sans passer par la mer? Premier pays.. Corée du Nord
93%
Sixième pays Arabie Saoudite
85%
Quatrième pays Iran
85%
Cinquième pays Irak
83%
Sixième pays Egypte
81%
En route pour un dernier voyage, cette fois-ci de l'Argentine jusqu'au Canada, toujours sur le même principe! Premier pays... Brésil
79%
Huitième Pays Mexique
79%
Second pays Colombie
77%
Neuvième Pays Etats-Unis
77%
Cinquième pays Soudan
77%
Septième pays Israël
76%
Troisième pays Panama
76%
Neuvième pays Syrie
76%
Troisième pays Afghanistan
74%
Troisième pays Kenya
74%
Huitième pays Liban
74%
Bravo! Même principe, d'Afrique du Sud jusqu'en Turquie. Premier pays... Mozambique
73%
Quatrième pays Costa Rica
72%
Quatrième pays Ethiopie
72%
Sixième pays Honduras
72%
Second pays Tanzanie
72%
Septième pays Guatemala
71%
Cinquième pays Nicaragua
70%
Aucun quiz correspondant
Distribution des résultats
% des personnes avec chaque résultat
Percentile par nombre de réponses
Votre historique - résultats
Vous n’avez pas pris ce quiz depuis la dernière actualisation